Трансформация аксиологических оснований научной деятельности в России; Актуальные проблемы гуманитарных наук

Podrobná bibliografie
Parent link:Актуальные проблемы гуманитарных наук.— 2012.— [С. 313-316]
Hlavní autor: Черепанова М. В. Мария Владимировна
Korporativní autor: Национальный исследовательский Томский политехнический университет (ТПУ)
Shrnutí:Заглавие с титульного листа
Jazyk:ruština
Vydáno: 2012
Edice:Философия науки и образования
Témata:
On-line přístup:http://www.lib.tpu.ru/fulltext/v/Conferences/2012/C1/126.pdf
Médium: MixedMaterials Elektronický zdroj Kapitola
KOHA link:https://koha.lib.tpu.ru/cgi-bin/koha/opac-detail.pl?biblionumber=230762

MARC

LEADER 00000nla2a2200000 4500
001 230762
005 20231031202607.0
035 |a (RuTPU)RU\TPU\book\251721 
035 |a RU\TPU\book\251714 
090 |a 230762 
100 |a 20130124d2012 k y0rusy50 ca 
101 0 |a rus 
102 |a RU 
105 |a y z 101zy 
135 |a drnn ---uucaa 
181 0 |a i  
182 0 |a b 
200 1 |a Трансформация аксиологических оснований научной деятельности в России  |b Электронный ресурс  |f М. В. Черепанова 
203 |a Текст  |c электронный 
215 |a 1 файл (300 Кб) 
225 1 |a Философия науки и образования 
230 |a Электронные текстовые данные (1 файл : 300 Кб) 
300 |a Заглавие с титульного листа 
320 |a [Библиогр.: с. 316 (11 назв.)] 
337 |a Adobe Reader 
463 1 |0 (RuTPU)RU\TPU\book\240857  |t Актуальные проблемы гуманитарных наук  |o сборник научных трудов студентов, аспирантов и молодых ученых 5-6 апреля 2012 г., Томск  |f Национальный исследовательский Томский политехнический университет (ТПУ)   |v [С. 313-316]  |d 2012 
610 1 |a труды учёных ТПУ 
610 1 |a электронный ресурс 
610 1 |a трансформация 
610 1 |a аксиология 
610 1 |a научная деятельность 
610 1 |a Россия 
700 1 |a Черепанова  |b М. В.  |c российский ученый в области философии  |c ассистент Томского политехнического университета  |g Мария Владимировна  |2 stltpush  |3 (RuTPU)RU\TPU\pers\30333 
712 0 2 |a Национальный исследовательский Томский политехнический университет (ТПУ)  |c (2009- )  |2 stltpush  |3 (RuTPU)RU\TPU\col\15902 
801 1 |a RU  |b 63413507  |c 20120830 
801 2 |a RU  |b 63413507  |c 20130207  |g RCR 
856 4 |u http://www.lib.tpu.ru/fulltext/v/Conferences/2012/C1/126.pdf 
942 |c CF